• 首页
  • 本馆介绍
  • 公告通知
  • 最新文献
  • 馆藏检索
  • 电子资源
  • 读者导购
  • 参考咨询
  • 我的图书馆
  • 登录
  • 详细信息显示
  • 放入我的书架
  • 预约/预借图书
  • 作者相关作品
  • 分类相关作品
  • 丛书相关作品
  • 出版社相关作品

书目信息

  • 表格格式
  • 工作单格式
  • 卡片格式
书名: Mechanics
作者: [by] Charles Kittel, Walter D. Knight [and] Malvin A. Ruderman. Rev. by A. Carl Helmholz [and] Burton J. Moyer.
分册号:
分册名:
出版地: New York :
 
出版社: McGraw-Hill
出版时间: [1973].
页数: xix, 426 p. :
开本: 24 cm.
丛书名:
中图分类号:
科图分类号:
其他分类号: O3:H31
主题词:
电子资源:
000 00881nam 2200289 4504
001 E0731012597
005 20070303084222.20
008 0110 eng
010    @a72007444
020    @a0070048800.
040    @aDLC@cCIN@dCIN
082    @a530/.08 s@a531
090    @aO3:H31
099    @dO3:H31@ex34
100 1  @aKittel, Charles.
245 10 @aMechanics / @c[by] Charles Kittel, Walter D. Knight [and] Malvin A. Ruderman. Rev. by A. Carl Helmholz [and] Burton J. Moyer.
250    @a2d ed.
260 0  @aNew York :@bMcGraw-Hill,@c[1973].
300    @axix, 426 p. :@billus. ;@c24 cm.
490 1  @aBerkeley physics course,@vv. 1.
650  0 @aMechanics.
700 10 @aKnight, Walter D.
700 1  @aMoyer, Burton J.
700 1  @aHelmholz, A. Carl.
700 10 @aRuderman, Malvin A.
830  0 @aBerkeley physics course,@vv. 1.
920    @a232010@z2
    
    Mechanics / / [by] Charles Kittel, Walter D. Knight [and] Malvin A. Ruderman. Rev. by A. Carl Helmholz [and] Burton J. Moyer.-2d ed.-New York : : McGraw-Hill, , [1973].
    xix, 426 p. : : illus. ; ; 24 cm.- (Berkeley physics course, v. 1. )
    
    
    ISBN 0070048800.
    
●
相关链接 在E读中查询图书 在五车中查询图书 在当当中查询图书 在豆瓣中查询图书


正题名:Mechanics     索取号:O3:H31/x34         预约/预借

序号 登录号 条形码 馆藏地/架位号 状态 备注
1 136983   202454511   第四借阅区/ [索取号:O3:H31/x34] 在馆    
2 136984   202201134   第四借阅区/ [索取号:O3:H31/x34] 在馆    
3 136985   202201125   第四借阅区/ [索取号:O3:H31/x34] 在馆    
4 136986   202457359   第四借阅区/ [索取号:O3:H31/x34] 在馆    
5 136987   202457368   第四借阅区/ [索取号:O3:H31/x34] 在馆    
唐山师范学院图书馆 欢迎您!
大连网信软件有限公司© 版权所有